000 00549nam a2200169Ia 4500
003 IN-BaIIA
008 211028s9999 xx 000 0 eng d
040 _cIIA Library
080 _a31.5
_bMES-15
110 _aMcGraw-Hill Book
_99624
245 0 _aMcGraw-Hill Encyclopaedia of Science and Technology
_bvol. 15, INDEX
_cMcGraw-Hill
260 _aNew York
_bMcGraw-Hill
_c1977
650 _aAstronomy and Astrophysics Thesaurus
650 _aEncyclopedia-Science & Technology
_99625
650 _aScience & Technology Encyclopedia
_99626
942 _cBK
999 _c5535
_d5535